| 000 | 00769nam a2200253Ia 4500 | ||
|---|---|---|---|
| 003 | OSt | ||
| 005 | 20220926033918.0 | ||
| 006 | a|||||r|||| 00| 0 | ||
| 007 | ta | ||
| 008 | 220923b |||||||| |||| 00| 0 eng d | ||
| 037 | _cGeneral Book | ||
| 040 |
_aRTL _cRTL _beng |
||
| 041 |
_2eng _aeng |
||
| 082 | _aY2:3217.5891.N5, J1 | ||
| 100 |
_aLuzbetak Louis J _9138125 |
||
| 245 | 0 |
_aMarriage and the family in Caucasia _b A contributio |
|
| 260 |
_aVienna _bSt Gabriel's Mission _c1951 |
||
| 300 |
_axvi,272p _ccm. |
||
| 490 | _aStudies Institute Anthrope.3 | ||
| 500 | _aBibliography: p 208-23 | ||
| 650 |
_aMarraige and Kinship _9239327 |
||
| 942 |
_hY2:3217.5891.N5, J1 _cGB _2CC |
||
| 999 |
_c658283 _d658283 |
||